Costa Rica Country Quiz - Statistics

General Stats
  • This quiz has been taken 14 times
    4 since last reset
  • The average score is 10 of 14
Answer Stats
Hint Answer % Correct
Number of Political Parties 2
100%
Number of Provinces 7
100%
Currency Colón
100%
Capital San José
100%
Former Part of Spain
100%
Main Language Spanish
100%
Main Ally United States
100%
Number of Presidents 49
75%
Main Enemy Nicaragua
75%
Independent Since 1821
50%
Main Religion Christianity
50%
Form of Government Republic
50%
Current President Rodrigo Robles
25%
Main Export Medical Instruments
0%
No matching quizzes found
Score Distribution
Percent of People with Each Score
Percentile by Number Answered
Your Score History
You have not taken this quiz since the last reset